| 000 | 00690nam a2200253 i 4500 | ||
|---|---|---|---|
| 001 | 15331 | ||
| 003 | BD-RjUL | ||
| 005 | 20211208235808.0 | ||
| 008 | 140209s1978 inua 001 0 eng | ||
| 020 | _a067297200X | ||
| 035 | _a(BD-RjUL)15385 | ||
| 040 |
_aDLC _cDLC _dDLC _dBD-RjUL _beng |
||
| 041 | _aeng | ||
| 082 | 0 | 0 |
_a629.26028 _bRHT |
| 100 | 1 |
_aRhone, L. C. _947649 |
|
| 245 | 1 | 0 |
_aTotal auto body repair / _cL. C. Rhone. |
| 260 |
_aIndianapolis : _bH. W. Sams, _c1978. |
||
| 300 |
_a486 p. : _bill. ; _c29 cm. |
||
| 504 | _aIncludes index. | ||
| 650 | 0 |
_aAutomobiles _xBodies _xMaintenance and repair. _947650 |
|
| 942 |
_2ddc _cBK |
||
| 999 |
_c15331 _d15331 |
||